LDR 00773naa#a2200181#i#450# 001 EN\\bibl\117838 005 20260603033958.3 011 ## _a2500-4026 100 ## _a20240930b2024####ek#y0engy0150####ca 101 0# _aRUS 102 ## _aRU 200 1# _aINDICATORS OF FIRE PROTECTION EFFECTIVENESS IN THE REGIONS _eJournal article 210 1# _aZheleznogorsk _cFSBEE HE Siberian Fire and Rescue Academy EMERCOM of Russia _d2024 215 ## _a8 с. 608 ## _aJournal article _2local 675 ## _aПрофилактика пожаров. Предупреждение или ограничение убытков от пожаров. 614.841.3 _aРаспознавание и преобразование образов. 004.93 _zRUS 700 #1 _aDzhalolov _gA SH 856 4# _aapbt-sibpsa.editorum.ru _u